LEADER 01308nas 2200469-a 450 001 996212876303316 005 20210111030324.1 011 $a1559-114X 035 $a(DE-599)ZDB2324871-3 035 $a(OCoLC)62384881 035 $a(CKB)1000000000281193 035 $a(CONSER)--2005215923 035 $a(EXLCZ)991000000000281193 100 $a20051130a20079999 s-- a 101 0 $aeng 135 $aurcnu|||||||| 181 $ctxt$2rdacontent 182 $cc$2rdamedia 183 $acr$2rdacarrier 200 10$aACM transactions on the web 210 $aNew York, N.Y. $cAssociation for Computing Machinery 300 $aRefereed/Peer-reviewed 311 $a1559-1131 517 1 $aTransactions on the web 517 1 $aTWEB 531 $aACM T WEB 531 $aACM TRANS. WEB 531 0 $aACM trans. web 606 $aWorld Wide Web$vPeriodicals 606 $aWeb$vPériodiques 606 $aWorld Wide Web$2fast$3(OCoLC)fst01181326 608 $aPeriodicals.$2fast 610 $aTelecommunications 615 0$aWorld Wide Web 615 6$aWeb 615 7$aWorld Wide Web. 676 $a025.04 712 02$aAssociation for Computing Machinery. 906 $aJOURNAL 912 $a996212876303316 996 $aACM Transactions on the web$91112785 997 $aUNISA LEADER 02764nam 2200649Ia 450 001 9910140738603321 005 20200520144314.0 010 $a9786612656668 010 $a9781282656666 010 $a128265666X 010 $a9781119995838 010 $a1119995833 010 $a9780470669716 010 $a0470669713 010 $a9780470669709 010 $a0470669705 035 $a(CKB)2670000000032926 035 $a(EBL)555054 035 $a(SSID)ssj0000421619 035 $a(PQKBManifestationID)11315504 035 $a(PQKBTitleCode)TC0000421619 035 $a(PQKBWorkID)10412277 035 $a(PQKB)10931763 035 $a(MiAaPQ)EBC555054 035 $a(PPN)225794217 035 $a(OCoLC)654787174 035 $a(Perlego)1009187 035 $a(EXLCZ)992670000000032926 100 $a20100317d2010 uy 0 101 0 $aeng 135 $aur|n|---||||| 181 $ctxt 182 $cc 183 $acr 200 00$aKnowledge based bioinformatics $efrom analysis to interpretation /$fedited by Gil Alterovitz, Marco Ramoni 210 $aChichester, West Sussex $cJohn Wiley & Sons$d2010 215 $a1 online resource (397 p.) 300 $aDescription based upon print version of record. 311 08$a9780470748312 311 08$a0470748311 320 $aIncludes bibliographical references and index. 327 $aKnowledge-Based Bioinformatics; Contents; Preface; List of Contributors; PART I FUNDAMENTALS; Section 1 Knowledge-Driven Approaches; Section 2 Data-Analysis Approaches; PART II APPLICATIONS; Section 3 Gene and Protein Information; Section 4 Biomolecular Relationships and Meta-Relationships; Trends and conclusion; Index 330 $aThere is an increasing need throughout the biomedical sciences for a greater understanding of knowledge-based systems and their application to genomic and proteomic research. This book discusses knowledge-based and statistical approaches, along with applications in bioinformatics and systems biology. The text emphasizes the integration of different methods for analysing and interpreting biomedical data. This, in turn, can lead to breakthrough biomolecular discoveries, with applications in personalized medicine. Key Features:Explores the fundamentals and applications of knowledge-base 606 $aBioinformatics 606 $aExpert systems (Computer science) 615 0$aBioinformatics. 615 0$aExpert systems (Computer science) 676 $a572.80285 701 $aAlterovitz$b Gil$0891523 701 $aRamoni$b Marco F$0891524 801 0$bMiAaPQ 801 1$bMiAaPQ 801 2$bMiAaPQ 906 $aBOOK 912 $a9910140738603321 996 $aKnowledge-based bioinformatics$92171514 997 $aUNINA